| 000 | 00000nam##2200000za#4500 |
| 001 | 9.633171 |
| 003 | CaOODSP |
| 005 | 20210624215210 |
| 007 | cr ||||||||||| |
| 008 | 150407|2000||||xxc|||||o f|0| 0 fre|d |
| 040 | |aCaOODSP|bfre |
| 043 | |an-cn--- |
| 086 | 1 |aR72-291/2000F-PDF |
| 110 | 1 |aCanada.|bAffaires indiennes et du Nord. |
| 245 | 13|aUn guide pour faire l'analyse de l'égalité entre les sexes |h[ressource électronique] |
| 260 | |aOttawa - Ontario : |bAffaires indiennes et du Nord |c2000. |
| 300 | |a135p.|bfigures en couleur, références |
| 500 | |aSommaire: 1 Élaboration des politiques et des programmes.-- Négociations.--3 Négociations sur l'autonomie gouvernementale.--4 Recherche.--5 Communications.--6 Lois et règlements.--7 Litiges.--8 Vérification, examen et évaluation.--9 Marchés de services.--Annexes. |
| 500 | |aAnnexe--Lois Canadiennes et instruments internationaux concernant les droits de la personne. Annexe--Liste d'associations et d'organismes qui revendiquent l'égalité et qui oeuvrent auprès des femmes à l'échelon provincial ou national. |
| 546 | |aTable des matières en anglais et français. |
| 590 | |a06-10-Supp|b2006-12-15 |
| 691 | 07|aAnalyse|2gcpds |
| 691 | 07|aÉgalité des sexes|2gcpds |
| 691 | 07|aGouvernement fédéral|2gcpds |
| 775 | 08|tA guide to gender equality analysis |w(CaOODSP)9.688754 |
| 856 | 40|ahttp://publications.gc.ca|qPDF|s580 Ko|uhttps://publications.gc.ca/collections/Collection/R72-291-2000F.pdf |